| 000 | 00476nam a2200169Ia 4500 | ||
|---|---|---|---|
| 005 | 20250423100619.0 | ||
| 008 | 250422s9999 xx 000 0 und d | ||
| 020 | _a9789789151035 | ||
| 050 | _aHD 7261 .A59/ | ||
| 100 | _aAnyanwu, R. C. | ||
| 245 | 0 | _aPrinciples and applications of health and safety at work | |
| 260 | _bMellow Works Ltd. | ||
| 260 | _c2015 | ||
| 300 | _a326 p | ||
| 650 | _a Industrial hygiene. Industrial safety. Industrial management. | ||
| 942 | _cBK | ||
| 999 |
_c33832 _d33832 |
||